[Event "Online Olym Top DivD 2021"]
[Site "chess.com INT"]
[Date "2021.09.08"]
[Round "1.4"]
[Board "4"]
[White "Librelato, Kathie Goulart"]
[Black "Cyfka, Karina"]
[Result "0-1"]
[WhiteTitle "WIM"]
[BlackTitle "IM"]
[WhiteElo "2165"]
[BlackElo "2405"]
[WhiteTeam "Brazil"]
[BlackTeam "Poland"]
[WhiteFideId "2153963"]
[BlackFideId "1122681"]
[EventDate "2021.09.08"]
[EventType "team"]

1. e4 e5 2. Nf3 Nf6 3. Nxe5 d6 4. Nf3 Nxe4 5. d4 d5 6. Bd3 Bd6 7. O-O O-O 8. c4
c6 9. Nc3 Nxc3 10. bxc3 dxc4 11. Bxc4 Bf5 12. Qb3 b5 13. Be2 Nd7 14. Bg5 Qc7 15.
Bh4 Nb6 16. Bg3 Rae8 17. Rfe1 a6 18. Rad1 Be6 19. Qc2 h6 20. Bxd6 Qxd6 21. Ne5
c5 22. Bf3 cxd4 23. cxd4 Rc8 24. Qb1 Nd5 25. Rd2 Rc7 26. Qb2 Rfc8 27. g3 Rc3 28.
Kg2 Bf5 29. Be4 Bxe4+ 30. Rxe4 Nb6 31. Qb1 Qd5 32. Nf3 Rxf3 33. Kxf3 f5 34. Kf4
fxe4 35. Qxe4 Rf8+ 36. Ke3 Nc4+ 0-1

[Event "Online Olym Top DivD 2021"]
[Site "chess.com INT"]
[Date "2021.09.08"]
[Round "1.4"]
[Board "5"]
[White "Teclaf, Pawel"]
[Black "Labussiere, Victor"]
[Result "1/2-1/2"]
[WhiteTitle "IM"]
[BlackTitle "FM"]
[WhiteElo "2543"]
[BlackElo "2291"]
[WhiteTeam "Poland"]
[BlackTeam "Brazil"]
[WhiteFideId "1185934"]
[BlackFideId "2183129"]
[EventDate "2021.09.08"]
[EventType "team"]

1. Nf3 Nf6 2. b3 g6 3. Bb2 Bg7 4. g3 b6 5. Bg2 Bb7 6. O-O O-O 7. c4 c5 8. Nc3
Nc6 9. d4 Nxd4 10. Nxd4 Bxg2 11. Kxg2 cxd4 12. Qxd4 d6 13. Nd5 Ne8 14. Qd2 Bxb2
15. Qxb2 Nc7 16. Ne3 Qc8 17. Rac1 Qb7+ 18. Kg1 Rad8 19. Rfd1 Ne6 20. Nd5 Rfe8
21. a4 Nc7 22. Nf4 d5 23. Qe5 f6 24. Qe3 d4 25. Qf3 Qxf3 26. exf3 e5 27. Nd3 Ne6
28. b4 Rc8 29. Re1 Kf7 30. f4 exf4 31. gxf4 a5 32. bxa5 bxa5 33. Re4 Nc5 34.
Nxc5 Rxc5 35. Rxd4 Rb8 36. Re1 Rc7 37. c5 Rb4 38. Rxb4 axb4 39. Rb1 Rxc5 40.
Rxb4 Rc3 41. Rb7+ Ke6 42. Rxh7 Rc4 43. Ra7 Rxf4 44. Kg2 Rb4 45. a5 Ra4 46. a6
Kf5 47. Kg3 g5 48. h3 Ra3+ 49. Kg2 Kf4 50. Ra8 Kf5 51. Ra7 Kf4 52. Ra8 Kf5 53.
a7 Ra4 54. Kf3 Ra3+ 55. Ke2 Ra2+ 56. Kd3 Ra1 57. Kd4 Rd1+ 58. Kc5 Rc1+ 59. Kd6
Ra1 60. Ke7 Re1+ 61. Kf7 Ra1 62. Kg7 Ra6 63. Kh6 Ra3 64. Kg7 Ra6 65. Kf7 Ra1 66.
Ke7 Re1+ 67. Kf8 Ra1 68. Kg7 Ra6 1/2-1/2

[Event "Online Olym Top DivD 2021"]
[Site "chess.com INT"]
[Date "2021.09.08"]
[Round "1.4"]
[Board "6"]
[White "Frattini, Beatriz Maria"]
[Black "Sliwicka, Alicja"]
[Result "0-1"]
[WhiteTitle "WCM"]
[BlackTitle "WIM"]
[WhiteElo "1847"]
[BlackElo "2304"]
[WhiteTeam "Brazil"]
[BlackTeam "Poland"]
[WhiteFideId "22715002"]
[BlackFideId "1150677"]
[EventDate "2021.09.08"]
[EventType "team"]

1. e4 c5 2. Nf3 Nc6 3. d4 cxd4 4. Nxd4 Nf6 5. Nc3 d6 6. Bg5 g6 7. Bxf6 exf6 8.
Bc4 Bg7 9. Ndb5 O-O 10. Qxd6 f5 11. O-O-O Qg5+ 12. Qd2 Qxg2 13. exf5 Bxf5 14.
Kb1 Qh3 15. Qf4 Be5 16. Qe3 Qxe3 17. fxe3 Rad8 18. Nd5 a6 19. Nbc3 b5 20. Bb3
Bg4 21. Rd2 Na5 22. Rf1 Nxb3 23. axb3 Kg7 24. Rdf2 Be6 25. Nf4 Bc8 26. Rg1 f5
27. h4 Kf7 28. h5 Rd6 29. hxg6+ hxg6 30. Nd3 Bf6 31. e4 Re8 32. Nf4 g5 33. Nh5
Bxc3 34. bxc3 Rxe4 35. Rxg5 Rd1+ 36. Kb2 Ree1 37. Rg7+ Ke6 38. Nf4+ Kd6 39. Rg6+
Kc7 40. Rg7+ Kb8 41. Nd3 Rh1 42. Rg8 a5 43. c4 b4 44. c3 Rxd3 45. cxb4 axb4 46.
Kc2 Rc3+ 47. Kb2 Rhh3 48. Rxf5 Rh2+ 49. Kb1 Rxb3+ 50. Kc1 Rc3+ 51. Kd1 Rxc4 52.
Rb5+ Kc7 53. Rg7+ Kc6 54. Rbg5 Be6 55. R5g6 Kd6 56. Rg8 b3 57. Rb8 Kc7 58. Rb5
Bg4+ 59. Rxg4 Rxg4 0-1

[Event "Online Olym Top DivD 2021"]
[Site "chess.com INT"]
[Date "2021.09.08"]
[Round "1.5"]
[Board "3"]
[White "Zatonskih, Anna"]
[Black "Burtasova, Anna"]
[Result "1/2-1/2"]
[WhiteTitle "IM"]
[BlackTitle "WGM"]
[WhiteElo "2423"]
[BlackElo "2261"]
[WhiteTeam "United States of America"]
[BlackTeam "Canada"]
[WhiteFideId "14101572"]
[BlackFideId "4150740"]
[EventDate "2021.09.08"]
[EventType "team"]

1. d4 c5 2. d5 b5 3. e4 a6 4. c4 bxc4 5. Bxc4 d6 6. f4 g6 7. Nf3 Bg7 8. O-O Nf6
9. e5 Ng4 10. Qe2 O-O 11. Nc3 Nh6 12. Be3 Nd7 13. h3 Rb8 14. Bf2 Qb6 15. b3 Nf5
16. g4 Nd4 17. Nxd4 cxd4 18. e6 Nc5 19. Ne4 fxe6 20. dxe6 Rxf4 21. Nxc5 Qxc5 22.
Rad1 Bb7 23. Bxa6 Bf3 24. Qd2 Rbf8 25. Rc1 Qg5 26. Bg3 Rxg4 27. Qxg5 Rxg5 28.
Kh2 Be5 29. Bxe5 dxe5 30. h4 Rg2+ 31. Kh3 Rxa2 32. Bc4 Bg2+ 33. Kg3 Bxf1 34.
Bxf1 Raf2 35. Bg2 d3 36. Rc7 d2 37. Rd7 Re2 38. b4 Rff2 39. Bf3 Rxf3+ 40. Kxf3
Re1 41. Rxd2 Rb1 42. Rd7 Kg7 43. Rxe7+ Kf6 44. Rxh7 Kxe6 45. Rb7 Kf5 46. Rf7+
Ke6 47. Rb7 Kf5 1/2-1/2

[Event "Online Olym Top DivD 2021"]
[Site "chess.com INT"]
[Date "2021.09.08"]
[Round "1.5"]
[Board "4"]
[White "Ouellet, Maili-Jade"]
[Black "Paikidze, Nazi"]
[Result "1/2-1/2"]
[WhiteTitle "WGM"]
[BlackTitle "IM"]
[WhiteElo "2254"]
[BlackElo "2374"]
[WhiteTeam "Canada"]
[BlackTeam "United States of America"]
[WhiteFideId "2620472"]
[BlackFideId "13603620"]
[EventDate "2021.09.08"]
[EventType "team"]

1. d4 Nf6 2. c4 e6 3. Nc3 Bb4 4. Qc2 d6 5. Nf3 O-O 6. g3 b6 7. Bg2 Bb7 8. O-O
Bxc3 9. Qxc3 Be4 10. b3 Nbd7 11. Bb2 Re8 12. Rfd1 Qe7 13. Rac1 Rab8 14. Bf1 h6
15. Nd2 Bg6 16. Bg2 e5 17. Re1 e4 18. Nf1 c6 19. Ba3 c5 20. Rcd1 b5 21. dxc5
dxc5 22. cxb5 Rxb5 23. Ne3 Qe5 24. Qc1 Rbb8 25. Nc4 Qe7 26. Rd6 Rec8 27. Red1
Nb6 28. Na5 Qe8 29. Bb2 Nh7 30. Qc3 f6 31. Bh3 Rc7 32. Nc4 Bf7 33. Ne3 c4 34.
Nf5 Qf8 35. Ba3 Qe8 36. R6d4 Ng5 37. Bg2 Ne6 38. Rxe4 cxb3 39. Qe3 Nc4 40. Rxc4
Rxc4 41. Nd6 Qd7 42. Bd5 Rc7 43. Nxf7 Kxf7 44. Bxb3 Qc8 45. Bd6 Rxb3 46. Qxb3
Rc1 47. Ba3 Rxd1+ 48. Qxd1 Qc7 49. Qd3 Nd8 50. h4 Nc6 51. Qc4+ Kg6 52. Qc5 Qd7
53. h5+ Kh7 54. Qc2+ Kh8 55. Bb2 Nb4 56. Qb3 Nc6 57. Qe3 Qd1+ 58. Kg2 Qd5+ 59.
Qf3 Qb5 60. Bc3 Qc5 61. g4 Qd6 62. Qg3 Qd5+ 63. Qf3 Qd6 1/2-1/2

[Event "Online Olym Top DivD 2021"]
[Site "chess.com INT"]
[Date "2021.09.08"]
[Round "1.5"]
[Board "6"]
[White "Demchenko, Svitlana"]
[Black "Cervantes Landeiro, Thalia"]
[Result "0-1"]
[WhiteTitle "WIM"]
[BlackTitle "FM"]
[WhiteElo "2285"]
[BlackElo "2175"]
[WhiteTeam "Canada"]
[BlackTeam "United States of America"]
[WhiteFideId "14149893"]
[BlackFideId "3520498"]
[EventDate "2021.09.08"]
[EventType "team"]

1. e4 c5 2. Nf3 d6 3. d4 cxd4 4. Nxd4 Nf6 5. Nc3 a6 6. g3 e5 7. Nf3 Be7 8. Bg2
h6 9. h3 Be6 10. Be3 Nbd7 11. Nh4 Nc5 12. Nf5 O-O 13. g4 Rc8 14. h4 d5 15. Nxe7+
Qxe7 16. Nxd5 Bxd5 17. exd5 Ne8 18. g5 f5 19. gxf6 Nxf6 20. d6 Qf7 21. Qe2 Rfd8
22. Rd1 Qxa2 23. Rg1 Kh8 24. Bh3 Rc6 25. d7 Qf7 26. Qf3 Ne6 27. Bf5 Rxd7 28.
Rxd7 Nxd7 29. Qg4 Ndf8 30. h5 Nf4 31. c3 Rf6 32. Be4 Nxh5 33. Qc8 Nf4 34. Bc5
Ne6 35. Be3 Qc7 36. Qe8 Qd8 37. Qh5 Qe7 38. Qxe5 Nd7 39. Qh5 Nf4 40. Qh1 Nc5 41.
Bc2 Nfd3+ 42. Ke2 Rxf2+ 43. Kd1 Qxe3 44. Bxd3 Qd2# 0-1

[Event "Online Olym Top DivD 2021"]
[Site "chess.com INT"]
[Date "2021.09.08"]
[Round "2.1"]
[Board "3"]
[White "Franco Valencia, Angela"]
[Black "Burtasova, Anna"]
[Result "1/2-1/2"]
[WhiteTitle "WIM"]
[BlackTitle "WGM"]
[WhiteElo "2089"]
[BlackElo "2261"]
[WhiteTeam "Colombia"]
[BlackTeam "Canada"]
[WhiteFideId "4403070"]
[BlackFideId "4150740"]
[EventDate "2021.09.08"]
[EventType "team"]

1. e4 c5 2. Nf3 e6 3. d4 cxd4 4. Nxd4 a6 5. Nc3 d6 6. g3 b5 7. Bg2 Bb7 8. O-O
Nf6 9. Re1 Qc7 10. a4 b4 11. Nd5 exd5 12. exd5+ Kd8 13. Bg5 Nd7 14. Qe2 Ne5 15.
Nc6+ Bxc6 16. dxc6 Be7 17. Rad1 Ke8 18. Bxf6 gxf6 19. f4 Ng6 20. h4 h5 21. Bf3
Kf8 22. Bxh5 Re8 23. Bf3 Kg7 24. h5 Nf8 25. Qxa6 Ne6 26. Qb7 Qa5 27. Qb5 Qa7+
28. Kg2 Reg8 29. Qb7 Nxf4+ 30. Kf1 Qxb7 31. cxb7 Ne6 32. a5 d5 33. a6 Bc5 34.
Rxd5 Ba7 35. Red1 Nc5 36. Rd6 Rb8 37. g4 Rhe8 38. Rc6 Nd7 39. Rc7 Ne5 40. Bd5
Kh6 41. Kg2 Nxg4 42. Kg3 Ne3 43. Rd3 Nxd5 44. Rxd5 Rbd8 45. Rxd8 Rxd8 46. Rc8
Rd6 47. b8=Q Bxb8 48. Rxb8 Rxa6 49. Rxb4 Kxh5 50. Kf4 Kg6 51. c4 Ra1 52. Rb8
Rf1+ 53. Ke3 f5 54. c5 f4+ 55. Ke2 Rc1 56. b4 Kf5 57. Rf8 f6 58. Kd2 Rc4 1/2-1/2

[Event "Online Olym Top DivD 2021"]
[Site "chess.com INT"]
[Date "2021.09.08"]
[Round "2.1"]
[Board "4"]
[White "Golubeva, Oksana"]
[Black "Chirivi C, Jenny Astrid"]
[Result "1-0"]
[WhiteTitle "WFM"]
[BlackTitle "WIM"]
[WhiteElo "2179"]
[BlackElo "2124"]
[WhiteTeam "Canada"]
[BlackTeam "Colombia"]
[WhiteFideId "4170164"]
[BlackFideId "4403061"]
[EventDate "2021.09.08"]
[EventType "team"]

1. Nf3 d5 2. e3 Nf6 3. c4 c6 4. Nc3 e6 5. Qc2 Bd6 6. b3 O-O 7. Bb2 Re8 8. Be2 e5
9. cxd5 cxd5 10. Nb5 Nc6 11. Nxd6 Qxd6 12. Rc1 Bg4 13. h3 Bh5 14. d3 Nb4 15. Qc7
Qxc7 16. Rxc7 e4 17. dxe4 dxe4 18. Nd4 Nfd5 19. Rxb7 Bxe2 20. Kxe2 Rec8 21. f3
exf3+ 22. gxf3 Nxa2 23. Ra1 Nab4 24. Raxa7 Rxa7 25. Rxa7 g6 26. Rb7 Nc2 27. e4
Nf4+ 28. Kd2 Nxd4 29. Bxd4 Rd8 30. Ke3 g5 31. Bf6 Rd3+ 32. Kf2 Nxh3+ 33. Kg3 h5
34. Kg2 g4 35. fxg4 hxg4 36. Be5 Re3 37. Rb4 Kh7 38. Bg3 Kg6 39. e5 Kf5 40. Rb6
Re2+ 41. Kf1 Rb2 42. Rf6+ Ke4 43. Rxf7 Rb1+ 44. Ke2 Rb2+ 45. Kd1 Rxb3 46. e6 Kd5
47. e7 Re3 48. Kd2 Re6 49. Rf5+ Kc6 50. Rf6 Rxf6 51. e8=Q+ Kd5 52. Qe5+ 1-0

[Event "Online Olym Top DivD 2021"]
[Site "chess.com INT"]
[Date "2021.09.08"]
[Round "2.1"]
[Board "6"]
[White "Demchenko, Svitlana"]
[Black "Hernandez Bermudez, Manuela"]
[Result "1-0"]
[WhiteTitle "WIM"]
[WhiteElo "2285"]
[BlackElo "1921"]
[WhiteTeam "Canada"]
[BlackTeam "Colombia"]
[WhiteFideId "14149893"]
[BlackFideId "4483103"]
[EventDate "2021.09.08"]
[EventType "team"]

1. Nf3 Nf6 2. d4 g6 3. Nc3 d5 4. Bf4 Bg7 5. e3 O-O 6. Ne5 c5 7. Be2 Nc6 8. dxc5
Qa5 9. O-O Qxc5 10. Nb5 Bf5 11. c3 Rfd8 12. b4 Qb6 13. Nxf7 Rd7 14. Ne5 Nxe5 15.
Bxe5 a6 16. Nd4 Ne4 17. Bxg7 Nxc3 18. Qb3 Nxe2+ 19. Nxe2 Kxg7 20. Rad1 Rad8 21.
Rd2 e5 22. Rfd1 d4 23. exd4 exd4 24. Nxd4 Qf6 25. Qe3 h6 26. h3 Kh7 27. g4 Be6
28. a3 Bg8 29. Nf3 Rxd2 30. Rxd2 Rxd2 31. Nxd2 Bd5 32. f3 Qd6 33. Kg2 Bc6 34.
Nc4 Qf6 35. Ne5 Bd5 36. Qd4 Be6 37. Qd6 Kg7 38. Qc7+ Kg8 39. Qb8+ Kg7 40. Qxb7+
Kg8 41. Qb8+ Kg7 42. Qc7+ Kg8 43. Qd6 Kg7 44. Nd3 h5 45. Qxa6 hxg4 46. hxg4 Kg8
47. Qa8+ Kg7 48. Qa7+ Bf7 49. Qe3 Kg8 50. Qe5 Qd8 51. Nc5 Qd2+ 52. Kg3 Qc1 53.
Qb8+ Kh7 54. Kf2 Qd2+ 55. Kg3 Qc1 56. Kg2 Qd2+ 57. Kh3 Qc3 58. Qf4 Kg7 59. Ne4
Qxa3 60. Qf6+ Kg8 61. Ng5 Be8 62. Qe6+ Kf8 63. Qf6+ Kg8 64. Qe7 Qa4 65. Qh7+ Kf8
66. Ne6# 1-0

[Event "Online Olym Top DivD 2021"]
[Site "chess.com INT"]
[Date "2021.09.08"]
[Round "2.2"]
[Board "2"]
[White "Swiercz, Dariusz"]
[Black "El Debs, Felipe de Cresce"]
[Result "1/2-1/2"]
[WhiteTitle "GM"]
[BlackTitle "GM"]
[WhiteElo "2647"]
[BlackElo "2553"]
[WhiteTeam "United States of America"]
[BlackTeam "Brazil"]
[WhiteFideId "1126881"]
[BlackFideId "2106981"]
[EventDate "2021.09.08"]
[EventType "team"]

1. d4 Nf6 2. Nf3 e6 3. Bf4 d5 4. e3 Bd6 5. Nbd2 c5 6. dxc5 Bxc5 7. c4 Nc6 8. a3
O-O 9. Be2 b6 10. O-O Bb7 11. cxd5 Nxd5 12. Bg3 Rc8 13. Qb3 Bd6 14. Bxd6 Qxd6
15. Rac1 Rfd8 16. Rfd1 Qb8 17. Nc4 Nf6 18. h3 h6 19. Qb5 Ne4 20. Qh5 Rxd1+ 21.
Rxd1 Rd8 22. Rc1 Nf6 23. Qh4 Ne7 24. Nce5 Rc8 25. Rd1 Rd8 26. Rxd8+ Qxd8 27. Qa4
a5 28. Qb3 Qc7 29. Qc4 Qxc4 30. Nxc4 Nd7 31. Nd6 Bxf3 32. Bxf3 Kf8 33. Kf1 Nf5
34. Nc8 Ne7 35. Nd6 Nf5 36. Nc4 Ke7 37. Ke1 Nd6 38. Nd2 e5 39. Bc6 Nb8 40. Bd5
Nd7 41. Ke2 Nf6 42. Bc6 Kd8 43. Nf3 e4 44. Ne5 Ke7 45. Ba4 Ke6 46. Nc6 Nd7 47.
Nd4+ Ke7 48. Nc6+ Kf6 49. Bc2 Nc5 50. b4 axb4 51. axb4 Na6 52. Kd2 Nc7 53. Bb3
g6 54. h4 Kg7 55. g3 f5 56. Ne5 Na6 57. Nc6 Kf6 58. Kc3 Nc7 59. Ba2 g5 60. hxg5+
hxg5 61. Bb3 Ncb5+ 62. Kd2 Nc7 63. Nb8 Ke7 64. Ba2 Ncb5 65. Nc6+ Kf6 66. Bb3 Nc7 1/2-1/2

[Event "Online Olym Top DivD 2021"]
[Site "chess.com INT"]
[Date "2021.09.08"]
[Round "2.2"]
[Board "4"]
[White "Paikidze, Nazi"]
[Black "Alboredo, Julia"]
[Result "1-0"]
[WhiteTitle "IM"]
[BlackTitle "WFM"]
[WhiteElo "2374"]
[BlackElo "2183"]
[WhiteTeam "United States of America"]
[BlackTeam "Brazil"]
[WhiteFideId "13603620"]
[BlackFideId "2124807"]
[EventDate "2021.09.08"]
[EventType "team"]

1. e4 c5 2. b3 Nc6 3. Bb2 e5 4. Bc4 Nf6 5. Nc3 d6 6. Nge2 Be7 7. O-O O-O 8. d3
a6 9. a4 Nd4 10. Nxd4 cxd4 11. Nd5 Nxd5 12. Bxd5 Qc7 13. f4 Bd7 14. Rf2 Bc6 15.
Bxc6 Qxc6 16. Qg4 b5 17. a5 Qc8 18. f5 Bf6 19. Raf1 Ra7 20. Re2 Rc7 21. Rff2 Qd7
22. Bc1 Rfc8 23. h4 Kh8 24. g3 Rc6 25. Qf3 Qd8 26. b4 R8c7 27. Rh2 Kg8 28. g4
Qc8 29. Qf2 Be7 30. g5 Bf8 31. Rg2 g6 32. h5 Rc3 33. Bb2 R3c6 34. Rh2 Qd8 35.
Bc1 Rc3 36. Qg3 Qc8 37. Qf2 R3c6 38. hxg6 fxg6 39. Qh4 gxf5 40. exf5 Qxf5 41. g6
Rg7 42. Reg2 Be7 43. gxh7+ Kh8 44. Qxe7 Rxg2+ 45. Rxg2 Rc8 46. Qg7# 1-0

[Event "Online Olym Top DivD 2021"]
[Site "chess.com INT"]
[Date "2021.09.08"]
[Round "2.2"]
[Board "5"]
[White "Labussiere, Victor"]
[Black "Liang, Awonder"]
[Result "0-1"]
[WhiteTitle "FM"]
[BlackTitle "GM"]
[WhiteElo "2291"]
[BlackElo "2590"]
[WhiteTeam "Brazil"]
[BlackTeam "United States of America"]
[WhiteFideId "2183129"]
[BlackFideId "2056437"]
[EventDate "2021.09.08"]
[EventType "team"]

1. Nf3 Nf6 2. c4 b6 3. g3 Bb7 4. Bg2 g6 5. b3 Bg7 6. Bb2 O-O 7. O-O c5 8. d4
cxd4 9. Qxd4 d6 10. Nc3 Nbd7 11. Ne1 Qc8 12. Rc1 Re8 13. Bxb7 Qxb7 14. Ng2 Rac8
15. Rc2 Nc5 16. Qd1 a6 17. Nf4 b5 18. cxb5 axb5 19. Ncd5 Nxd5 20. Qxd5 Bxb2 21.
Rxb2 Qxd5 22. Nxd5 Kg7 23. Rc2 e6 24. Rfc1 exd5 25. b4 Ra8 26. bxc5 dxc5 27.
Rxc5 Rxe2 28. R1c2 Rxc2 29. Rxc2 b4 30. Rb2 Ra4 31. Rd2 Kf6 32. Rxd5 Rxa2 33.
Rb5 Rb2 34. g4 Ke6 35. Kg2 b3 36. Rb7 Rb1 37. h4 h6 38. Kh2 Kd5 39. Rxf7 Ra1 40.
Rb7 Kc4 41. Rc7+ Kd3 42. Rd7+ Kc2 43. Rc7+ Kb1 44. Rc6 b2 45. Rxg6 Kc2 46. Rb6
b1=Q 47. Rxb1 Rxb1 48. Kg3 Kd3 49. Kf4 Kd4 50. Kf5 Kd5 51. f4 Kd6 52. Kf6 Kd7
53. g5 hxg5 54. fxg5 Ke8 55. Kg6 Kf8 56. Kh7 Rh1 0-1

[Event "Online Olym Top DivD 2021"]
[Site "chess.com INT"]
[Date "2021.09.08"]
[Round "2.2"]
[Board "6"]
[White "Cervantes Landeiro, Thalia"]
[Black "Frattini, Beatriz Maria"]
[Result "1-0"]
[WhiteTitle "FM"]
[BlackTitle "WCM"]
[WhiteElo "2175"]
[BlackElo "1847"]
[WhiteTeam "United States of America"]
[BlackTeam "Brazil"]
[WhiteFideId "3520498"]
[BlackFideId "22715002"]
[EventDate "2021.09.08"]
[EventType "team"]

1. d4 Nf6 2. c4 g6 3. Nc3 d5 4. cxd5 Nxd5 5. e4 Nxc3 6. bxc3 Bg7 7. Nf3 c5 8.
Rb1 O-O 9. Be2 b6 10. O-O Bb7 11. Qd3 cxd4 12. cxd4 Ba6 13. Qe3 Bxe2 14. Qxe2 e6
15. Bg5 Qc8 16. Rbc1 Qb7 17. Rfd1 Nd7 18. h4 h5 19. Qe3 Nf6 20. Bxf6 Bxf6 21.
Qf4 Bg7 22. Rc7 Qa6 23. Ng5 Qa4 24. Rdc1 Qxd4 25. Rxf7 Qe5 26. Qxe5 Bxe5 27.
Rxf8+ Kxf8 28. Nxe6+ Ke7 29. Ng5 Rd8 30. g3 Rd2 31. Nf3 Bb2 32. Rc7+ Rd7 33.
Rxd7+ Kxd7 34. Kf1 Ke6 35. Ke2 b5 36. Kd3 Kd6 37. Nd4 a6 38. Nb3 Bf6 39. f4 Bd8
40. Nd4 Bb6 41. Nf3 Bf2 42. Ne5 Bxg3 43. Nxg6 a5 44. e5+ Kd5 45. Ne7+ Ke6 46.
Nc6 Bxf4 47. Ke4 Bg3 48. Nd4+ Kf7 49. e6+ Ke8 50. Nf5 Be1 51. Kd5 b4 52. Kd6 b3
53. Ng7+ Kf8 54. e7+ Kxg7 55. e8=Q Bb4+ 56. Kc6 bxa2 57. Qe5+ Kh7 58. Qa1 Be7
59. Qxa2 Bxh4 60. Qxa5 Kh6 61. Qd2+ Bg5 62. Qd6+ Kg7 63. Qd7+ Kg6 64. Qe6+ Bf6
65. Kd5 h4 66. Ke4 Kg7 67. Kf5 Bc3 68. Qd7+ Kf8 69. Qc8+ 1-0

[Event "Online Olym Top DivD 2021"]
[Site "chess.com INT"]
[Date "2021.09.08"]
[Round "2.3"]
[Board "1"]
[White "Bok, Benjamin"]
[Black "Duda, Jan-Krzysztof"]
[Result "1/2-1/2"]
[WhiteTitle "GM"]
[BlackTitle "GM"]
[WhiteElo "2619"]
[BlackElo "2756"]
[WhiteTeam "Netherlands"]
[BlackTeam "Poland"]
[WhiteFideId "1017063"]
[BlackFideId "1170546"]
[EventDate "2021.09.08"]
[EventType "team"]

1. d4 Nf6 2. c4 e6 3. Nc3 d5 4. cxd5 exd5 5. Bg5 c6 6. e3 Nbd7 7. Bd3 Be7 8. h3
O-O 9. Qc2 Re8 10. Nf3 h6 11. Bf4 Nf8 12. O-O Bd6 13. Bxd6 Qxd6 14. Rab1 a5 15.
a3 Be6 16. Rfc1 N8d7 17. Na4 Ne4 18. b4 axb4 19. axb4 Ng5 20. Nxg5 hxg5 21. b5
g4 22. bxc6 bxc6 23. hxg4 Bxg4 24. Nb6 Ra3 25. Nxd7 Bxd7 26. Bh7+ Kf8 27. Bf5
Bxf5 28. Qxf5 g6 29. Qf3 Ra7 30. Rb6 Rc7 31. g3 Kg7 32. Kg2 Rec8 33. Rh1 Qe7 34.
Qf4 Qe4+ 35. Qxe4 dxe4 36. Rb4 c5 37. dxc5 f5 38. Rc1 Rxc5 39. Rxc5 Rxc5 1/2-1/2

[Event "Online Olym Top DivD 2021"]
[Site "chess.com INT"]
[Date "2021.09.08"]
[Round "2.3"]
[Board "2"]
[White "Moranda, Wojciech"]
[Black "Van den Doel, Erik"]
[Result "0-1"]
[WhiteTitle "GM"]
[BlackTitle "GM"]
[WhiteElo "2622"]
[BlackElo "2599"]
[WhiteTeam "Poland"]
[BlackTeam "Netherlands"]
[WhiteFideId "1122401"]
[BlackFideId "1003720"]
[EventDate "2021.09.08"]
[EventType "team"]

1. d4 d5 2. c4 c6 3. Nc3 Nf6 4. e3 e6 5. Nf3 Nbd7 6. Bd3 dxc4 7. Bxc4 b5 8. Bd3
Bb7 9. O-O a6 10. e4 c5 11. d5 Qc7 12. Bc2 Bd6 13. dxe6 fxe6 14. Ng5 Nf8 15. f4
O-O-O 16. Qe2 h6 17. e5 hxg5 18. exd6 Qxd6 19. h3 g4 20. hxg4 Rh4 21. Rd1 Qc6
22. Rxd8+ Kxd8 23. Be3 Rxg4 24. Rd1+ N8d7 25. Be4 Qc7 26. Bxb7 Qxb7 27. Bxc5 Kc8
28. Bd4 Qc6 29. a4 bxa4 30. Bxf6 Nxf6 31. Rd4 a3 32. Rc4 Rxg2+ 33. Qxg2 Qxc4 34.
Qa8+ Kd7 35. Qa7+ Ke8 36. Qa8+ Ke7 37. Qb7+ Nd7 38. Qg2 Qd4+ 39. Kh1 axb2 40.
Qxb2 Qxf4 41. Qa3+ Qd6 0-1

[Event "Online Olym Top DivD 2021"]
[Site "chess.com INT"]
[Date "2021.09.08"]
[Round "2.3"]
[Board "3"]
[White "Peng, Zhaoqin"]
[Black "Zawadzka, Jolanta"]
[Result "1/2-1/2"]
[WhiteTitle "GM"]
[BlackTitle "WGM"]
[WhiteElo "2359"]
[BlackElo "2407"]
[WhiteTeam "Netherlands"]
[BlackTeam "Poland"]
[WhiteFideId "1004786"]
[BlackFideId "1122320"]
[EventDate "2021.09.08"]
[EventType "team"]

1. c4 e6 2. Nf3 d5 3. b3 Nf6 4. Bb2 a6 5. e3 c5 6. Be2 Nc6 7. O-O dxc4 8. bxc4
Be7 9. d3 O-O 10. Nbd2 b5 11. Rc1 Bb7 12. Qc2 Qb6 13. Rfd1 Rac8 14. Qb1 Rfd8 15.
h3 h6 16. a3 Ba8 17. d4 cxd4 18. Nxd4 Nxd4 19. Bxd4 Qa5 20. cxb5 Rxc1 21. Qxc1
axb5 22. Nb3 Qxa3 23. Bxf6 Qxc1 24. Rxc1 Bxf6 25. Bxb5 Rb8 26. Bc4 Rc8 27. Be2
Rb8 28. Bc4 g5 29. Nd2 Kg7 30. Bf1 Rb2 31. Nc4 Ra2 32. Nb6 Bb7 33. Nd7 Bd5 34.
Nxf6 Kxf6 35. g3 1/2-1/2

[Event "Online Olym Top DivD 2021"]
[Site "chess.com INT"]
[Date "2021.09.08"]
[Round "2.3"]
[Board "4"]
[White "Cyfka, Karina"]
[Black "Ratsma, Rosa"]
[Result "1-0"]
[WhiteTitle "IM"]
[BlackTitle "WIM"]
[WhiteElo "2405"]
[BlackElo "2306"]
[WhiteTeam "Poland"]
[BlackTeam "Netherlands"]
[WhiteFideId "1122681"]
[BlackFideId "1033662"]
[EventDate "2021.09.08"]
[EventType "team"]

1. d4 Nf6 2. c4 e6 3. Nf3 d5 4. g3 Be7 5. Bg2 O-O 6. O-O dxc4 7. Qc2 a6 8. a4
Bd7 9. Qxc4 Bc6 10. Bg5 Nbd7 11. a5 Bd5 12. Qc2 c5 13. Bxf6 gxf6 14. e4 Bc6 15.
d5 exd5 16. exd5 Bxd5 17. Nc3 Be6 18. Nh4 Qc7 19. Nd5 Bxd5 20. Bxd5 Qe5 21. Rad1
f5 22. Rfe1 Qf6 23. Nxf5 Rfe8 24. Bxb7 Rad8 25. Bg2 Ne5 26. Rxd8 Bxd8 27. Rd1
Bxa5 28. h3 Rd8 29. Rxd8+ Bxd8 30. Be4 c4 31. Kg2 Bb6 32. Qa4 Qd8 33. Qxa6 h5
34. Qb5 Nd3 35. Nh6+ Kg7 36. Qxh5 Qf6 37. Ng4 Qe6 38. Bd5 Qg6 39. Qxg6+ fxg6 40.
Bxc4 Nxb2 41. Bb5 Nd1 42. Kf3 Nc3 43. Bc6 Na2 44. Ke4 Nb4 45. Ba4 Na6 46. Kd5
Nc7+ 47. Kd6 Na6 48. Bc2 Bd4 49. Be4 Ba7 50. Kc6 Nb4+ 51. Kd7 Bd4 52. Ke6 Na6
53. Kd5 Ba7 54. f4 Nc5 55. Bc2 Nd7 56. Ke6 Nc5+ 57. Ke7 Na6 58. Ne5 Bf2 59. g4
Bg3 60. Nxg6 Nb4 61. Be4 1-0

[Event "Online Olym Top DivD 2021"]
[Site "chess.com INT"]
[Date "2021.09.08"]
[Round "2.3"]
[Board "5"]
[White "Kevlishvili, Robby"]
[Black "Teclaf, Pawel"]
[Result "1/2-1/2"]
[WhiteTitle "GM"]
[BlackTitle "IM"]
[WhiteElo "2506"]
[BlackElo "2543"]
[WhiteTeam "Netherlands"]
[BlackTeam "Poland"]
[WhiteFideId "1040634"]
[BlackFideId "1185934"]
[EventDate "2021.09.08"]
[EventType "team"]

1. e4 e6 2. d4 d5 3. Nd2 c5 4. Ngf3 cxd4 5. Nxd4 Nc6 6. Bb5 Bd7 7. Nxc6 Bxc6 8.
Bxc6+ bxc6 9. c4 Bc5 10. Qa4 Qd7 11. O-O Ne7 12. b4 Bd4 13. Rb1 O-O 14. Rd1 a5
15. bxa5 Qa7 16. Rf1 dxe4 17. Nb3 Nf5 18. c5 Bxc5 19. Qxc6 Bb4 20. Qxe4 Bxa5 21.
Nxa5 Qxa5 22. a3 h6 23. Qb4 Qa7 24. Ra1 Rfb8 25. Qe4 Qd4 26. Qxd4 Nxd4 1/2-1/2